01845cam a2200397 a 450000100090000000300040000900500170001300800410003001000170007102000150008803500260010304000320012904200210016104300300018205000220021206600070023408200200024110000370026124501310029824600700042925000280049926000900052730000210061750400560063865000640069465000650075865000400082388000450086388001610090888000330106988001070110290600450120994200460125495201300130099900170143012642751OSt20240905103236.0011209s2001 le b 000 0 ara d a 2001441314 a1575479192 a(CStRLIN)DCLN01-B6219 aMHcMHdCStRLINdDLC-RdDLC alccopycatalcode aaw-----aff-----ae-sp---00aPJ7551b.Z83 2001 c(3 a892.7109bZUB/A aAzabi, Husain Ali6880-01910490136880-02aal-Naqd fī rasāʼil al-naqd al-shiʻrī :bḥattá nihāyat al-qarn al-khāmis al-Hijrī /cHusain Ali Azabi3 iTitle on p. [4] of cover:aCriticism in the articles of criticism 6880-03aal-Ṭabʻah 1. 6880-04aBayrūt :bDār al-Fikr al-Muʻāṣir ;aDimashq :bDār al-Fikr,c2001. a352 p. ;c24 cm. aIncludes bibliographical references (p. [341]-352). 0aArabic poetryy622-750xHistory and criticismxTheory, etc. 0aArabic poetryy750-1258xHistory and criticismxTheory, etc. 0aCriticismzIslamic EmpirexHistory.1 6100-01/(3/raزعبي، حسين علي.126245-02/(3/raالنقد في رسائل النقد الشعري :bحتى نهاية القرن الخامس الهجري /cحسين علي الزعبي. 6250-03/(3/raالطبعة 1. 6260-04/(3/raبيروت :bدار الفكر المعاصر ؛aدمشق :bدار الفكر،c2001. a7bcbcccopycatd3encipf20gn-rlinjack 2ddccBKh892.7109iZUB/Ak892.7109mZUB/A 00102ddc40708POEaMESbMEScARBd2023-10-18l0o892.7109 ZUB/Ap42907r2023-10-18 15:13:58v900.00w2023-10-18yBKzGR5R3 c42670d42670